| 000 | 00519nam a2200205Ia 4500 | ||
|---|---|---|---|
| 005 | 20250326144006.0 | ||
| 008 | 250326s9999 xx 000 0 und d | ||
| 020 | _a0-19-566703-3 | ||
| 037 | _aTextbook | ||
| 040 |
_aFMSL _beng _cFMSL |
||
| 041 |
_aeng _2eng |
||
| 084 |
_aX.4 P5 _qFMSL |
||
| 100 |
_aDesai M _982576 |
||
| 245 | 0 |
_aDevelopment and nationhood _cDesai M |
|
| 260 |
_a2005 _b2005, Oxford _c2005 |
||
| 300 | _axi,410 | ||
| 365 | _b650 | ||
| 942 |
_cTB _hX.4 P5 |
||
| 999 |
_c1301926 _d1301926 |
||